|
|
|
|
| LEADER |
02222nam a2200601 i 4500 |
| 001 |
nkc20243608505 |
| 003 |
CZ PrNK |
| 005 |
20240724102417.0 |
| 007 |
ta |
| 008 |
240530s2024 xr f 000 0 cze |
| 015 |
|
|
|a cnb003608505
|
| 020 |
|
|
|a 978-80-7502-734-4
|q (brožováno)
|
| 035 |
|
|
|a (OCoLC)1451768945
|
| 040 |
|
|
|a ABA001
|b cze
|d OLA001
|e rda
|
| 043 |
|
|
|a e-xr---
|a e------
|
| 072 |
|
7 |
|a 347.9
|x Občanské soudní řízení. Soudnictví
|2 Konspekt
|9 16
|
| 080 |
|
|
|a 347.996
|2 MRF
|
| 080 |
|
|
|a 347.965.42
|2 MRF
|
| 080 |
|
|
|a 34
|2 MRF
|
| 080 |
|
|
|a 17
|2 MRF
|
| 080 |
|
|
|a (437.3)
|2 MRF
|
| 080 |
|
|
|a (4)
|2 MRF
|
| 080 |
|
|
|a (048.8)
|2 MRF
|
| 100 |
1 |
|
|a Doležalová, Martina
|7 ola2013767905
|4 aut
|
| 245 |
1 |
0 |
|a Evaluativní přístupy v mediaci :
|b (pro právní a další profese) /
|c Martina Doležalová, Andrea Matoušková
|
| 250 |
|
|
|a Vydání první
|
| 264 |
|
1 |
|a Praha :
|b Leges,
|c 2024
|
| 300 |
|
|
|a 220 stran ;
|c 21 cm
|
| 336 |
|
|
|a text
|b txt
|2 rdacontent
|
| 337 |
|
|
|a bez média
|b n
|2 rdamedia
|
| 338 |
|
|
|a svazek
|b nc
|2 rdacarrier
|
| 490 |
1 |
|
|a Praktik
|
| 504 |
|
|
|a Obsahuje bibliografii a bibliografické odkazy
|
| 650 |
0 |
7 |
|a alternativní řešení sporů
|7 ph316344
|2 czenas
|
| 650 |
0 |
7 |
|a mediace
|7 ph137291
|z Česko
|2 czenas
|
| 650 |
0 |
7 |
|a mediace
|7 ph137291
|z země Evropské unie
|2 czenas
|
| 650 |
0 |
7 |
|a mediace
|7 ph137291
|x právní aspekty
|2 czenas
|
| 650 |
0 |
7 |
|a mediace
|7 ph137291
|x etické a morální aspekty
|2 czenas
|
| 650 |
0 |
9 |
|a alternative dispute resolution
|2 eczenas
|
| 650 |
0 |
9 |
|a mediation
|z Czechia
|2 eczenas
|
| 650 |
0 |
9 |
|a mediation
|z European Union countries
|2 eczenas
|
| 650 |
0 |
9 |
|a mediation
|x legal aspects
|2 eczenas
|
| 650 |
0 |
9 |
|a mediation
|x ethical and moral aspects
|2 eczenas
|
| 655 |
|
7 |
|a monografie
|7 fd132842
|2 czenas
|
| 655 |
|
9 |
|a monographs
|2 eczenas
|
| 700 |
1 |
|
|a Matoušková, Andrea,
|d 1971-
|7 mzk2003184366
|4 aut
|
| 830 |
|
0 |
|a Praktik (Leges)
|0 s
|
| 910 |
2 |
|
|a BOA001
|b 2-1527.348
|
| 990 |
|
|
|a BK
|
| 995 |
|
|
|a 01
|
| 991 |
|
|
|b 202407
|c NOV
|
| 996 |
6 |
|
|b 2610972928
|c 2-1527.348
|l MZK
|r Sklad / do 1 hodiny
|n 0
|p p.v.
|w 001968743
|u 000010
|a 1
|e BOA001
|j MZK50
|s P
|
| 996 |
7 |
|
|b 2610975680
|c 2-1527.348
|l Vol.výběr
|r VV 0p
|n 2
|p kup
|h 347.9 DOL
|w 001968743
|u 000020
|a 0
|e BOA001
|j MZK50
|s A
|